00628nam a22001697a 4500008004100000040005500041080002200096100002400118245005400142260005100196300001000247650001200257653001400269942001300283999001700296952014500313230614b |||||||| |||| 00| 0 eng d aNational Science LibrarycNational Science Library aR 582(038)=00bG6 aBedevian, Armenag K aIllustrated polyglottic dictionary of plant names aCairo: bArgus & Papazian Presses, c1936 a644p. aScience aPollution 2udccREF c43476d43476 00102udc406R_58203800_G670965417aNSLbNSLcGF/Rk-15/C-7/R-2d1954-08-03l0oR 582(038)=00 G6p443r2023-06-15 00:00:00w2023-06-15yBK